Otvára obchodníkom zaujímavé príležitosti
India - druhá najľudnatejšia a siedma najväčšia krajina sveta behom posledných dvoch dekád dokázala prilákať zahraničný kapitál a naštartovať tak ekonomický rast nemalých rozmerov. Prognózy hovoria o tom, že do roku 2050, a možno ešte skôr, sa India po USA a Číne stane treťou najsilnejšou ekonomikou...
Guardado en:
| Autor principal: | |
|---|---|
| Formato: | Capítulo de libro |
| Materias: | |
| Etiquetas: |
Sin Etiquetas, Sea el primero en etiquetar este registro!
|
MARC
| LEADER | 00000naa a2200000 4500 | ||
|---|---|---|---|
| 001 | 0124151 | ||
| 005 | 20231128094833.7 | ||
| 044 | |a SK | ||
| 245 | 1 | 0 | |a Otvára obchodníkom zaujímavé príležitosti |c Patrik Mozola |
| 520 | |a India - druhá najľudnatejšia a siedma najväčšia krajina sveta behom posledných dvoch dekád dokázala prilákať zahraničný kapitál a naštartovať tak ekonomický rast nemalých rozmerov. Prognózy hovoria o tom, že do roku 2050, a možno ešte skôr, sa India po USA a Číne stane treťou najsilnejšou ekonomikou planéty. Indické obchodné reťazce. Platobná morálka v Indii. | ||
| 610 | 2 | 0 | |a obchod |
| 610 | 2 | 0 | |a reťazce obchodné |
| 610 | 2 | 0 | |a India |
| 100 | 1 | |a Mozola, Patrik | |